Operations research problems in agriculture in developing countries

Αποθηκεύτηκε σε:
Λεπτομέρειες βιβλιογραφικής εγγραφής
Κύριος συγγραφέας: Schweigman, C.
Μορφή: Βιβλίο
Γλώσσα:Undetermined
Έκδοση: Tanzania Tanzania publishing house 1985
Θέματα:
Ετικέτες: Προσθήκη ετικέτας
Δεν υπάρχουν, Καταχωρήστε ετικέτα πρώτοι!
Thư viện lưu trữ: Trung tâm Học liệu Trường Đại học Cần Thơ
LEADER 00561nam a2200193Ia 4500
001 CTU_61567
008 210402s9999 xx 000 0 und d
082 |a 338.1 
082 |b S413 
100 |a Schweigman, C. 
245 0 |a Operations research problems in agriculture in developing countries 
245 0 |c C. Schweigman 
260 |a Tanzania 
260 |b Tanzania publishing house 
260 |c 1985 
650 |a Developing countries 
650 |x Agricultural aspects 
904 |i Minh,Hải 
980 |a Trung tâm Học liệu Trường Đại học Cần Thơ